[Event "45th Olympiad 2024"]
[Site "Budapest HUN"]
[Date "2024.09.15"]
[Round "5.30"]
[Board "4"]
[White "Huh, Isaak"]
[Black "Castro Torres, Jose Luis"]
[Result "1/2-1/2"]
[WhiteElo "2114"]
[BlackElo "2299"]
[PlyCount "280"]
[EventDate "2024.09.11"]
[WhiteTeam "South Korea"]
[BlackTeam "Venezuela"]
[BlackTeamCountry "VEN"]

1. e4 c5 2. Nf3 Nc6 3. d4 cxd4 4. Nxd4 g6 5. Nc3 Bg7 6. Be3 d6 7. Bc4 Nf6 8. f3 Bd7 9. Qd2 O-O 10. O-O-O Ne5 11. Bb3 a5 12. a4 Rc8 13. Qe2 Rxc3 14. bxc3 Qc7 15. Nb5 Bxb5 16. Qxb5 Rc8 $146 ({RR} 16... Nfd7 17. Bd4 Nc6 18. Bxg7 Kxg7 19. f4 Na7 20. Qc4 Qxc4 21. Bxc4 Nc5 22. e5 Nxa4 23. exd6 e6 24. Rhe1 Rd8 25. g4 Nb6 26. Bf1 Nac8 27. Re5 Nd5 28. d7 Nce7 29. c4 Nxf4 30. Rb5 Nc6 31. Rxb7 {1-0 Shevchenko,K (2553)-Bernadskiy,V (2588) Seville op 45th 2020 (7)}) ({RR} 16... Ned7 17. Qc4 Qb8 18. Bd4 e6 19. Kb2 Rc8 20. Qb5 Qc7 21. Rd3 b6 22. Rhd1 h5 23. g3 Kh7 24. h3 Nc5 25. R3d2 Ncd7 26. Ka2 d5 27. exd5 e5 28. d6 Qxd6 29. Be3 Qc7 30. Rxd7 Nxd7 31. Rxd7 {1-0 Moeldner,J (2275)-Nazarenus,O (2210) Eisenberg RLP-ch 1998 (5)}) 17. Kd2 Ned7 18. Ke2 b6 19. Bd4 Nc5 20. Rb1 Nfd7 21. Rhd1 Bf8 22. Kf2 d5 23. exd5 Qxh2 24. Rh1 Qf4 25. Rbe1 Nf6 26. Kg1 Qg3 27. Bf2 Qd6 28. c4 h5 29. Rh4 Bh6 30. Rd4 Ne8 31. Rdd1 Kf8 32. Ba2 Bf4 33. Rb1 Bh2+ 34. Kf1 Qf4 35. Qxb6 Nxa4 36. Qxa5 Rxc4 37. Qd8 Rxc2 38. Qxe7+ Kg7 39. Re2 Rxe2 40. Qxe2 Nc3 41. Qb2 Qf6 42. Bc4 Nxb1 43. Bd4 Nd2+ 44. Ke2 Nxc4 45. Bxf6+ Nxf6 46. Qd4 Ne5 47. f4 Ned7 48. Kf3 h4 49. d6 Bg3 50. Qc3 Nf8 51. Qa1 N8d7 52. Qc3 Kh7 53. Qc4 Kg8 54. Qc8+ Nf8 55. Qa6 N6d7 56. Qa5 Ne6 57. Qa8+ Kg7 58. Qa1+ Kh7 59. Qa7 Nec5 60. Qa2 Kg8 61. Qa8+ Nf8 62. Qd5 Ncd7 63. Qa5 Bh2 64. Qa7 g5 65. fxg5 Bxd6 66. Qd4 Bg3 67. Ke2 Ne5 68. Qd8 Neg6 69. Qc8 Kg7 70. Qc3+ Be5 71. Qd2 Ne6 72. Kf1 Bf4 73. Qc3+ Kh7 74. Qf6 Kg8 75. Qb2 Nxg5 76. Qb7 Kg7 77. Qb2+ Be5 78. Qb5 Ne4 79. Qd5 Ng3+ 80. Ke1 Kf6 81. Qf3+ Bf4 82. Qg4 Nf5 83. Qf3 Ne5 84. Qa8 Kg5 85. Qg8+ Kh5 86. Kf2 Nh6 87. Qc8 Neg4+ 88. Ke2 Be5 89. Qd7 Kg6 90. Qd8 Nf5 91. Qg8+ Bg7 92. Qd8 Nf6 93. Qc8 Nd4+ 94. Ke3 Ne6 95. Qc2+ Kg5 96. Qc8 Ng4+ 97. Ke2 Kf4 98. Qb8+ Be5 99. Qb7 Nd4+ 100. Kf1 f5 101. Qa8 Ne3+ 102. Kg1 Kg3 103. Qg8+ Ng4 104. Qc4 f4 105. Qd3+ f3 106. gxf3 Nxf3+ 107. Kf1 h3 108. Ke2 Ngh2 109. Qg6+ Kf4 110. Qf7+ Kg5 111. Qg8+ Kh6 112. Qe6+ Kg7 113. Qe7+ Kg6 114. Qe8+ Kf6 115. Qf8+ Kg6 116. Qe8+ Kf5 117. Qc8+ Kf4 118. Qf8+ Ke4 119. Qa8+ Kf4 120. Qf8+ Kg4 121. Qc8+ Kg3 122. Qg8+ Kh4 123. Qh7+ Kg4 124. Qd7+ Kg3 125. Qd3 Bf4 126. Qc3 Be5 127. Qb3 Kh4 128. Qb4+ Nd4+ 129. Ke1 Ng4 130. Kf1 Kg3 131. Qe1+ Kf4 132. Qh4 h2 133. Kg2 Nf5 134. Qe1 Nfe3+ 135. Kh1 Nd1 136. Qd2+ Nde3 137. Qd4+ Kf3 138. Qf4+ Ke2 139. Qf3+ Kd2 140. Qe2+ Kxe2 1/2-1/2

[Event "45th Olympiad 2024"]
[Site "Budapest HUN"]
[Date "2024.09.15"]
[Round "5.31"]
[Board "1"]
[White "Dardha, Daniel"]
[Black "Tan, Jun Ying"]
[Result "1-0"]
[WhiteElo "2603"]
[BlackElo "2322"]
[PlyCount "87"]
[EventDate "2024.09.11"]
[WhiteTeam "Belgium"]
[BlackTeam "Malaysia"]
[WhiteTeamCountry "BEL"]
[BlackTeamCountry "MAS"]

1. Nf3 d5 2. e3 Nf6 3. c4 c6 4. d4 Bf5 5. Nc3 a6 6. c5 h6 ({RR} 6... Nbd7 7. Nh4 Be4 8. f3 Bg6 9. Qb3 Rb8 10. Nxg6 hxg6 11. Bd2 e6 12. Qc2 Be7 13. Bd3 Qc7 14. g3 O-O 15. Kf2 e5 16. h4 Nh5 17. Ne2 f5 18. dxe5 Nxe5 19. b4 b6 20. cxb6 Qxb6 21. Rab1 {1-0 Piorun,K (2657)-Andreikin,D (2737) EU-ch rapid Tallinn 2016 (8)}) 7. Bd3 ({RR} 7. Qb3 Ra7 8. Qb6 Qxb6 9. cxb6 Ra8 10. a4 Nbd7 11. a5 Ne4 12. Nh4 Bh7 13. Nxe4 Bxe4 14. f3 Bh7 15. g4 e5 16. Bd2 exd4 17. exd4 Be7 18. Ng2 Bf6 19. Bc3 O-O 20. Kf2 c5 21. dxc5 Bxc3 {1-0 Paquico Rodriguez,I (2184)-Ponomarev,D (2417) Titled Tue 25th Jun Early 2024 (5)}) 7... Bxd3 $146 ({RR} 7... e6 8. Bxf5 exf5 9. Ne5 Nbd7 10. f4 Be7 11. O-O h5 12. b4 Nf8 13. Bd2 Ne4 14. Nf3 g5 15. a4 gxf4 16. exf4 Ne6 17. Ne2 Bf6 18. Be3 Nc7 19. Nd2 h4 20. Nb1 a5 21. Qb3 Na6 22. bxa5 {0-1 Pavlidis,A (2360)-Svetushkin,D (2597) GRE-chT 40th 2012 (4.7)}) 8. Qxd3 Nbd7 9. b4 a5 10. b5 e5 11. bxc6 bxc6 12. dxe5 Nxc5 13. Qc2 Nfd7 14. O-O Be7 15. e4 dxe4 16. Nxe4 O-O 17. Ng3 Re8 18. Bb2 Bf8 19. Rad1 Qc8 20. Nf5 Qa6 21. Rd4 Re6 22. Rfd1 Nxe5 23. Nxe5 Rxe5 24. Nxh6+ gxh6 25. Rg4+ Rg5 26. Rxg5+ hxg5 27. Qc3 f6 28. Qxf6 Qb7 29. Qh8+ Kf7 30. Qh7+ Ke8 31. Qg6+ Qf7 32. Qxc6+ Nd7 33. Qxa8+ Ke7 34. Ba3+ Kf6 35. Qf3+ Kg6 36. Qxf7+ Kxf7 37. Rxd7+ Ke6 38. Rd3 Bg7 39. g4 Ba1 40. Rb3 Bd4 41. Rb5 Bc3 42. Bb2 Bb4 43. Rxb4 axb4 44. Bc1 1-0

[Event "45th Olympiad 2024"]
[Site "Budapest HUN"]
[Date "2024.09.15"]
[Round "5.31"]
[Board "2"]
[White "Wong, Jianwen"]
[Black "Maerevoet, Sim"]
[Result "1/2-1/2"]
[WhiteElo "2231"]
[BlackElo "2432"]
[PlyCount "197"]
[EventDate "2024.09.11"]
[WhiteTeam "Malaysia"]
[BlackTeam "Belgium"]
[WhiteTeamCountry "MAS"]
[BlackTeamCountry "BEL"]

1. Nf3 d5 2. c4 d4 3. g3 Nc6 4. Bg2 e5 5. d3 Nf6 6. O-O Bc5 7. b4 ({RR} 7. Na3 O-O 8. Nc2 a5 9. Bg5 Re8 10. Nd2 h6 11. Bxf6 Qxf6 12. a3 Qe7 13. Re1 a4 14. e3 dxe3 15. Nxe3 Nd4 16. Nd5 Qd8 17. Ne4 Bf8 18. Qh5 c6 19. Ne3 f5 20. Nc3 Qf6 21. Qd1 f4 {0-1 Grandelius,N (2663)-Petrosyan,M (2628) Titled Arena 2nd Jan blitz 2021}) 7... Nxb4 ({RR} 7... Bxb4 8. Nxe5 Nxe5 9. Qa4+ Nc6 10. Bxc6+ bxc6 11. Qxb4 Qd6 12. Ba3 Qxb4 13. Bxb4 Bh3 14. Re1 Nd7 15. e3 O-O-O 16. exd4 Bf5 17. Nd2 Bxd3 18. Re3 Bg6 19. Ra3 Nb6 20. Rxa7 Kb8 21. Ra5 Rxd4 22. Bc3 {0-1 Uritsky,Y (2167)-Wadsworth,M (2444) Titled Tue 13th Feb Early 2024 (3)}) 8. Nxe5 O-O 9. a3 Nc6 $146 ({RR} 9... Na6 10. Nf3 Re8 11. Bb2 Qd6 12. Nbd2 Bd7 13. a4 Bc6 14. Nb3 Rad8 15. Na5 Nb4 16. Nxc6 Nxc6 17. Nd2 Na5 18. Rb1 b6 19. Bf3 Qe6 20. Bc1 h6 21. Re1 Nc6 22. Nb3 Ne5 23. Bg2 Bb4 24. Bd2 {½-½ Bilek,I-Naranja,R Olympiad-18 Final A 1968 (2)}) ({RR} 9... Na6 10. Nd2 Bd6 11. Nef3 Nc5 12. Bb2 Bd7 13. Nxd4 Ba4 14. Qb1 Re8 15. Re1 Ng4 16. Nf5 Bf8 17. Nf3 Nb3 18. Ra2 g6 19. N5d4 Nc5 20. Ba1 a5 21. h3 Nf6 22. Bc3 Ra6 23. Rb2 h5 24. Nb5 {½-½ Syaputra,A (2239)-Szpar,M (2485) Titled Tue 14th Nov Late 2023 (9)}) ({RR} 9... Na6 10. Nd2 Re8 11. Nef3 h6 12. Nb3 Bb6 13. a4 c5 14. a5 Bc7 15. e3 dxe3 16. fxe3 Rb8 17. d4 Bg4 18. Qd3 Qe7 19. Bd2 Rbd8 20. Rae1 Ne4 21. Bc1 Nb4 22. Qb1 Nc6 23. Qa1 b6 24. axb6 {0-1 Sobay,K (2126)-Yaran,S (1997) Kemer Turkey Cup 2014 (7)}) 10. Nxc6 bxc6 11. Nd2 Qe7 12. Nb3 Bg4 13. Ra2 Rab8 14. Na5 Rb6 15. h3 Bh5 16. Bf4 Ra6 17. Qd2 Qxe2 18. Nb3 Rxa3 19. Rxa3 Bxa3 20. Ra1 Qxd2 21. Bxd2 Bb2 22. Rxa7 Bg6 23. Bf1 h6 24. Rxc7 Bc3 25. Bf4 Rb8 26. Nc5 Rb2 27. g4 Be1 28. Bg3 Rb6 29. h4 Bb4 30. Nd7 Nxd7 31. Rxd7 h5 32. gxh5 Bxh5 33. Rxd4 Kh7 34. Rd8 Be7 35. Rd7 Bf6 36. Bg2 Bg6 37. Be4 c5 38. Rxf7 Bd4 39. Bxg6+ Kxg6 40. Rf3 Rb1+ 41. Kg2 Rd1 42. Bf4 Kh5 43. Bg5 Kg4 44. Be3 Rxd3 45. Rf4+ Kh5 46. Bxd4 cxd4 47. Kf1 Rd2 48. Ke1 Rc2 49. Rxd4 g5 50. hxg5 Kxg5 51. Kf1 Kf5 52. Kg2 Rc3 53. f3 Rc1 54. Re4 Ra1 55. Kf2 Ra3 56. Re3 Ra2+ 57. Kg3 Rc2 58. Re4 Rc1 59. Kf2 Rc3 60. Ke2 Ra3 61. Rd4 Ke5 62. Rd3 Ra4 63. Rc3 Kd4 64. Rc2 Ra6 65. c5 Re6+ 66. Kd2 Rc6 67. Rc1 Rh6 68. Re1 Kxc5 69. Re4 Rh8 70. Ke3 Kd5 71. Kf2 Rf8 72. Kg3 Rg8+ 73. Kh3 Rf8 74. Kg4 Rg8+ 75. Kf4 Rf8+ 76. Ke3 Rh8 77. Kf2 Rf8 78. Re2 Kd6 79. Re1 Kd5 80. Re3 Kd6 81. Kg3 Rg8+ 82. Kh4 Rf8 83. Kg5 Rg8+ 84. Kf6 Rf8+ 85. Kg7 Rf4 86. Kh6 Rf8 87. Kg6 Kd5 88. Kg5 Rg8+ 89. Kf6 Rf8+ 90. Kg5 Rg8+ 91. Kf5 Rf8+ 92. Kg4 Rg8+ 93. Kf4 Rf8+ 94. Kg3 Rg8+ 95. Kf2 Rf8 96. Re4 Rg8 97. Ke3 Rh8 98. Kd2 Kc5 99. Ke3 1/2-1/2

[Event "45th Olympiad 2024"]
[Site "Budapest HUN"]
[Date "2024.09.15"]
[Round "5.31"]
[Board "3"]
[White "Hovhannisyan, Mher"]
[Black "Ang, Ern Jie Anderson"]
[Result "1/2-1/2"]
[WhiteElo "2414"]
[BlackElo "2132"]
[PlyCount "83"]
[EventDate "2024.09.11"]
[WhiteTeam "Belgium"]
[BlackTeam "Malaysia"]
[WhiteTeamCountry "BEL"]
[BlackTeamCountry "MAS"]

1. d4 d5 2. c4 c6 3. cxd5 cxd5 4. Nc3 Nf6 5. Bf4 Nc6 6. e3 a6 7. Nf3 Bf5 8. Ne5 Nxe5 9. dxe5 Ne4 10. Qxd5 Nxc3 11. Qxd8+ Rxd8 12. bxc3 e6 13. f3 Bc2 $146 ({RR} 13... Bd3 14. Rd1 Bxf1 15. Rxf1 Rxd1+ 16. Kxd1 Ba3 17. Kc2 Kd7 18. e4 Rc8 19. Be3 b5 20. Rd1+ Ke8 21. Kb3 Be7 22. Bb6 g5 23. g3 h5 24. Ba5 Rc5 25. f4 gxf4 26. gxf4 Rc6 27. a3 Bf8 28. Bd8 {1-0 Baranska,M (1900)-Tobiasz,M (1800) POL-ch U16 Girls 2003 (9)}) ({RR} 13... Bc5 14. e4 Bg6 15. Rb1 Rd7 16. a4 Ke7 17. Bg5+ f6 18. exf6+ gxf6 19. Bh4 Be3 20. e5 Bd2+ 21. Kf2 Bxc3 22. Bxf6+ Kf7 23. Bxh8 Bxb1 24. Bc4 Bc2 25. Rc1 Bd4+ 26. Kg3 Bxa4 27. Ba2 Bc6 28. f4 {1-0 Begunov,K (2325)-Ruiz Aguilar,P (2164) Titled Tue 2nd Apr Early 2024 (10)}) 14. a4 Bc5 15. Be2 Rd7 16. Kf2 Ke7 17. Rhc1 Bd3 18. Rd1 Rhd8 19. Bg5+ f6 20. exf6+ gxf6 21. Bh4 Bc2 22. Rxd7+ Rxd7 23. g4 h6 24. f4 Bb3 25. g5 hxg5 26. fxg5 Rd2 27. gxf6+ Kf7 28. Bg5 Bc4 29. Re1 Bd6 30. h4 Be5 31. Kf3 Bxe2+ 32. Rxe2 Bxc3 33. Re1 Bxf6 34. Rb1 Rb2 35. Rxb2 Bxb2 36. Ke4 b5 37. axb5 axb5 38. h5 Bf6 39. Bh6 b4 40. Kd3 b3 41. e4 Be5 42. Bg5 1/2-1/2

[Event "45th Olympiad 2024"]
[Site "Budapest HUN"]
[Date "2024.09.15"]
[Round "5.31"]
[Board "4"]
[White "Azhar, Muhd Syakir Shazmeer"]
[Black "Lenaerts, Lennert"]
[Result "1/2-1/2"]
[WhiteElo "2086"]
[BlackElo "2300"]
[PlyCount "120"]
[EventDate "2024.09.11"]
[WhiteTeam "Malaysia"]
[BlackTeam "Belgium"]
[WhiteTeamCountry "MAS"]
[BlackTeamCountry "BEL"]

1. e4 c5 2. Nf3 e6 3. d4 cxd4 4. Nxd4 Nc6 5. Nc3 Qc7 6. Be3 a6 7. a3 b5 8. Nxc6 Qxc6 9. Be2 Bc5 10. Qd3 Bxe3 11. Qxe3 Ne7 12. Rd1 O-O 13. O-O Bb7 14. Bf3 Qc7 15. Rfe1 $146 ({RR} 15. Rd2 Ng6 16. Rfd1 Ne5 17. Be2 Rad8 18. f4 Ng6 19. e5 f6 20. Rd6 fxe5 21. fxe5 Nf4 22. Bf1 Rf5 23. Qb6 Nh3+ 24. gxh3 Rg5+ 25. Kf2 Rf8+ 26. Ke1 Rxe5+ 27. Be2 Qc4 28. Qxb7 Qh4+ 29. Kd2 Qf4+ {½-½ Mkrtchian,L (2388)-Vantika,A (2286) Speed Chess (Women) Q6 blitz 2021 (11)}) 15... Rad8 16. e5 Bxf3 17. Qxf3 d6 18. exd6 Rxd6 19. Rxd6 Qxd6 20. Rd1 Qc7 21. Qd3 Rc8 22. Qd7 Qxd7 23. Rxd7 Nc6 24. g3 Kf8 25. Rb7 Nd4 26. Ne4 f5 27. Nd6 Rxc2 28. Rf7+ Kg8 29. Ra7 h6 30. Rxa6 Rxb2 31. h4 f4 32. gxf4 Ne2+ 33. Kh2 Nxf4 34. Rb6 Rxf2+ 35. Kg3 Nd3 36. Nxb5 Rb2 37. a4 Ra2 38. Rxe6 Rxa4 39. Re3 Nf4 40. Nd6 Nh5+ 41. Kh3 Ra1 42. Nf5 Kh7 43. Ng3 Nf4+ 44. Kg4 Nd5 45. Re5 Ra4+ 46. Kf3 Ra3+ 47. Kf2 Nf6 48. Rb5 Ra4 49. h5 Ra7 50. Kf3 Kg8 51. Ne2 Ra3+ 52. Kg2 Ng4 53. Nf4 Kf7 54. Rb7+ Kf6 55. Nd5+ Ke5 56. Rxg7 Ra2+ 57. Kg3 Nf2 58. Nc3 Rc2 59. Re7+ Kd6 60. Re2 Rxc3+ 1/2-1/2

[Event "45th Olympiad 2024"]
[Site "Budapest HUN"]
[Date "2024.09.15"]
[Round "5.32"]
[Board "1"]
[White "Galaviz Medina, Sion Radamantys"]
[Black "Araujo Sanchez, Josue"]
[Result "1-0"]
[WhiteElo "2488"]
[BlackElo "2296"]
[PlyCount "55"]
[EventDate "2024.09.11"]
[WhiteTeam "Mexico"]
[BlackTeam "Dominican Republic"]
[WhiteTeamCountry "MEX"]
[BlackTeamCountry "DOM"]

1. d4 Nf6 2. c4 e6 3. Nc3 Bb4 4. e3 O-O 5. Bd3 c5 6. Nge2 d5 7. a3 Bxc3+ 8. bxc3 dxc4 9. Bxc4 Nc6 10. O-O e5 11. Qc2 Na5 $146 ({RR} 11... cxd4 12. exd4 exd4 13. Rd1 Bg4 14. cxd4 Rc8 15. Qa4 Nd5 16. Bb2 Nb6 17. Qc2 Ne7 18. Qe4 Nxc4 19. Qxg4 Nxb2 20. Rdb1 Nc4 21. Rxb7 Rc7 22. Rxc7 Qxc7 23. Rc1 Nd5 24. Ng3 g6 25. h4 Ne5 26. Rxc7 {0-1 Silbermann,H-Marshall,F Olympiad-06 Warsaw 1935 (18)}) ({RR} 11... Qc7 12. Ba2 Rd8 13. Bb2 Bg4 14. Ng3 Rac8 15. Rac1 Qe7 16. h3 Be6 17. Nf5 Qd7 18. Bxe6 fxe6 19. dxe5 Nxe5 20. c4 Nd3 21. Nh6+ gxh6 22. Bxf6 Nxc1 23. Bxd8 Rxd8 24. Qxc1 b6 25. Qb2 Qg7 26. Qc2 {0-1 Sarana,A (2706)-Keymer,V (2726) Chess.com Classic Div 1 W 2024 (1.2)}) ({RR} 11... cxd4 12. cxd4 exd4 13. Rd1 Qc7 14. Nxd4 Nxd4 15. Rxd4 Be6 16. Bd3 Qxc2 17. Bxc2 Rac8 18. Bd3 Nd7 19. Bb2 Nc5 20. Bc2 Nb3 21. Bxb3 Bxb3 22. Rd7 Be6 23. Rxb7 Rb8 24. Rxb8 Rxb8 25. Bd4 a5 26. f3 {½-½ Wersching,A (2063)-Dusper,H (2184) Harkany Tenkes Cup 25th 2001 (7)}) ({RR} 11... Qc7 12. d5 Na5 13. Ba2 c4 14. e4 Nb3 15. Rb1 Nxc1 16. Rfxc1 Bd7 17. a4 Ne8 18. Ng3 Nd6 19. Rb4 a6 20. Qd1 b5 21. Bb1 Qc5 22. Rb2 bxa4 23. Bc2 a3 24. Ra2 g6 25. Rca1 Nb5 26. Qe1 {½-½ Pein,M (2385)-Pritchett,C (2385) BCF-ch Swansea 1987}) 12. Ba2 Qc7 13. c4 cxd4 14. exd4 exd4 15. Nxd4 Ng4 16. Nf3 Nc6 17. Bb2 Qf4 18. Bb1 Qh6 19. h3 Nf6 20. a4 Be6 21. Ra3 Rac8 22. Bxf6 gxf6 23. Re1 Rfd8 24. Qb2 Na5 25. Nd4 Nxc4 26. Rg3+ Kh8 27. Qxb7 Rxd4 28. Qxc8+ 1-0

[Event "45th Olympiad 2024"]
[Site "Budapest HUN"]
[Date "2024.09.15"]
[Round "5.32"]
[Board "2"]
[White "Camacho Campusano, David Daniel"]
[Black "Cori Quispe, Kevin Joel"]
[Result "0-1"]
[WhiteElo "2219"]
[BlackElo "2461"]
[PlyCount "98"]
[EventDate "2024.09.11"]
[WhiteTeam "Dominican Republic"]
[BlackTeam "Mexico"]
[WhiteTeamCountry "DOM"]
[BlackTeamCountry "MEX"]

1. e4 c5 2. Nf3 Nc6 3. d4 cxd4 4. Nxd4 Nf6 5. Nc3 d6 6. Bg5 e6 7. Qd2 a6 8. Nxc6 bxc6 9. O-O-O Be7 10. Bxf6 gxf6 11. Bc4 Bb7 12. Rhe1 Qa5 13. Kb1 h5 14. f4 O-O-O 15. Nd5 Qxd2 16. Nxe7+ Kd7 17. Rxd2 Kxe7 18. Be2 $146 ({RR} 18. Re3 c5 19. Be2 d5 20. Rb3 Ba8 21. exd5 Bxd5 22. Rbd3 c4 23. Rd4 Rc8 24. c3 Rc7 25. Bf3 Bxf3 26. gxf3 Rg8 27. Kc2 f5 28. b3 cxb3+ 29. axb3 h4 30. Rd6 a5 31. Ra6 Rg1 32. Rxa5 Rf1 {0-1 Paravyan,D (2612)-Martinez Alcantara,J (2619) Aimchess Rapid Div 2 L 2023 (3.1)}) 18... e5 19. fxe5 fxe5 20. h4 d5 21. Bf3 d4 22. Rd3 c5 23. Rb3 Ba8 24. Kc1 Rd6 25. Kd2 Rf6 26. c3 Rc6 27. Rc1 Kd6 28. Rf1 Ke7 29. Rc1 Kd7 30. Rf1 Rg6 31. Ra3 Rb8 32. Kc1 Rgb6 33. Rf2 f5 34. Re2 fxe4 35. Bxe4 Bxe4 36. Rxe4 Kd6 37. cxd4 cxd4 38. Ra5 Rb5 39. Rxa6+ Kd5 40. Re2 e4 41. b3 e3 42. Rc2 Rf8 43. Rg6 Ke4 44. Re6+ Re5 45. Rxe5+ Kxe5 46. Rc7 Ke4 47. b4 Rf1+ 48. Kb2 e2 49. Re7+ Kd3 0-1

[Event "45th Olympiad 2024"]
[Site "Budapest HUN"]
[Date "2024.09.15"]
[Round "5.32"]
[Board "3"]
[White "Ibarra Chami, Luis Fernando"]
[Black "Jimenez Jimenez, Leandro"]
[Result "1-0"]
[WhiteElo "2427"]
[BlackElo "2188"]
[PlyCount "123"]
[EventDate "2024.09.11"]
[WhiteTeam "Mexico"]
[BlackTeam "Dominican Republic"]
[WhiteTeamCountry "MEX"]
[BlackTeamCountry "DOM"]

1. e4 e5 2. Nf3 Nf6 3. Nxe5 Nxe4 4. Qe2 Qe7 5. Qxe4 d6 6. d4 dxe5 7. dxe5 Nc6 8. Nc3 Qxe5 9. Qxe5+ Nxe5 10. Nb5 Bb4+ 11. Bd2 Bxd2+ 12. Kxd2 Kd7 $146 ({RR} 12... Kd8 13. Re1 f6 14. f4 Ng6 15. g3 Bd7 16. Nd4 Re8 17. Bd3 Nf8 18. Rxe8+ Kxe8 19. Re1+ Kd8 20. b4 Rc8 21. Nf5 Bxf5 22. Bxf5 Ra8 23. Kc3 c6 24. Kc4 g6 25. Bh3 b6 26. a4 h5 27. b5 {1-0 Alonso Bouza,J (2396)-Labiano Hernandez,J (2231) Pamplona FNA 2nd 2022 (7)}) ({RR} 12... Kd8 13. Rd1 Bd7 14. Kc1 Kc8 15. Be2 a6 16. Nc3 Bc6 17. Rhe1 h5 18. h4 Kb8 19. f4 Ng6 20. g3 Ka7 21. Bc4 f6 22. Bf7 Rh6 23. Bd5 Be8 24. Re3 Rh8 25. Bf3 Rc8 26. a4 c6 27. Ne4 {1-0 Sindarov,J (2661)-Mamedyarov,S (2738) 1st Kasimdzhanov Masters 2023 (2.2)}) ({RR} 12... Kd8 13. Re1 Nd7 14. Bc4 Rf8 15. Kc1 Nb6 16. Bb3 Bd7 17. Nc3 c5 18. Nd5 Nxd5 19. Bxd5 Kc7 20. Re3 Rae8 21. Rhe1 b6 22. h4 h6 23. Kd2 Rxe3 24. Rxe3 Kd6 25. c4 g5 26. hxg5 hxg5 27. Rd3 {½-½ Paravyan,D (2612)-Rakhmatullaev,A (2426) Titled Tue 30th Jan Early 2024 (10)}) ({RR} 12... O-O 13. Re1 Nc6 14. Nxc7 Rb8 15. Nd5 Be6 16. Ne3 b5 17. Kc1 a5 18. a3 Rfc8 19. Kb1 b4 20. a4 b3 21. c3 Rd8 22. Be2 Rd2 23. Kc1 Rbd8 24. f4 Kf8 25. Bf3 Nb8 26. Rd1 R2d3 27. Be4 {1-0 Dudek,R-Flis,J Bydgoszcz-A 1978 (15)}) 13. Re1 Ng4 14. f3 Nh6 15. Bd3 c6 16. Nc3 Kd8 17. g4 f5 18. gxf5 Bxf5 19. Ne4 Kc7 20. Rhg1 g6 21. Kc3 Bxe4 22. Rxe4 Rae8 23. Rh4 Nf7 24. f4 Nd6 25. Kd4 Rd8 26. Ke3 Rhe8+ 27. Kf3 Re7 28. Rg5 Rf8 29. Kg2 b6 30. Re5 Rfe8 31. Kf3 Kd7 32. b3 Rf7 33. Rxe8 Kxe8 34. Rg4 Ke7 35. h4 Kf6 36. h5 Nf5 37. Rg1 Re7 38. Rh1 Re3+ 39. Kf2 Re7 40. a4 c5 41. a5 Nd6 42. Kf3 Nf5 43. hxg6 hxg6 44. Rh8 Re3+ 45. Kf2 Re7 46. Rb8 Re6 47. Rf8+ Kg7 48. Ra8 Re7 49. Rb8 bxa5 50. Rc8 a4 51. bxa4 Nd6 52. Rc6 Ne4+ 53. Kf3 Nd2+ 54. Kg2 Ne4 55. a5 Kf7 56. a6 g5 57. f5 g4 58. Rg6 Re5 59. Re6 Rxe6 60. fxe6+ Kxe6 61. Bxe4 Ke5 62. Bc6 1-0

[Event "45th Olympiad 2024"]
[Site "Budapest HUN"]
[Date "2024.09.15"]
[Round "5.32"]
[Board "4"]
[White "Mendez Ramirez, Victor"]
[Black "Palma Villanueva, Miguel Tadeo"]
[Result "1/2-1/2"]
[WhiteElo "2191"]
[BlackElo "2266"]
[PlyCount "109"]
[EventDate "2024.09.11"]
[WhiteTeam "Dominican Republic"]
[BlackTeam "Mexico"]
[WhiteTeamCountry "DOM"]
[BlackTeamCountry "MEX"]

1. c4 g6 2. Nc3 Bg7 3. d4 c5 4. e3 Nf6 5. d5 d6 6. Nf3 O-O 7. Be2 e6 8. O-O exd5 9. cxd5 Re8 10. Nd2 Na6 ({RR} 10... Nbd7 11. a4 a6 12. e4 Rb8 13. Nc4 Nxe4 14. Nxe4 Rxe4 15. Nxd6 Rd4 16. Qb3 Qe7 17. Nxc8 Qxe2 18. Nd6 Be5 19. Be3 Rb4 20. Qa3 Bxd6 21. Rae1 Qh5 22. h3 Ne5 23. Qc3 b6 24. f4 Nd7 25. Bc1 {1-0 Pranav,A (2509)-Yen,W (2056) Titled Tue 24th Oct Early 2023 (11)}) 11. Bc4 $146 ({RR} 11. e4 Rb8 12. Re1 Nc7 13. a4 a6 14. a5 Bd7 15. Qb3 Nb5 16. Nxb5 axb5 17. Bxb5 Bxb5 18. Qxb5 Nxd5 19. Nc4 Nb4 20. Bf4 Bf8 21. Na3 Ra8 22. Bd2 Rxa5 23. Qxb7 Re7 24. Bg5 Rxb7 25. Bxd8 Ra8 {½-½ Artemiev,V (2676)-Leko,P (2705) Moscow Nutcracker-A rap rapid 2015 (6.2)}) ({RR} 11. e4 Rb8 12. a4 Nb4 13. f3 Nd7 14. Kh1 a6 15. a5 b5 16. axb6 Nxb6 17. Nb3 Bd7 18. Bf4 Qe7 19. Qd2 c4 20. Na5 Rec8 21. Rfd1 h5 22. Be3 h4 23. h3 f5 24. Nc6 Bxc6 25. dxc6 Rxc6 {½-½ Caruana,F (2816)-Vachier Lagrave,M (2789) Leuven GCT rapid 2018 (2)}) ({RR} 11. e4 Nc7 12. Re1 Rb8 13. a4 b6 14. Qc2 a6 15. Rb1 b5 16. axb5 axb5 17. b4 cxb4 18. Rxb4 Bd7 19. Ba3 Na6 20. Rxb5 Bxb5 21. Bxb5 Nxd5 {½-½ Schmuecker,M (2256)-Gaal,Z (2063) Bad Woerishofen opA 35th 2019 (9.17)}) ({RR} 11. Nc4 Nc7 12. a4 b6 13. f3 Ba6 14. e4 Bxc4 15. Bxc4 a6 16. Bg5 Qd7 17. Re1 b5 18. Bf1 h6 19. Bh4 Rab8 20. axb5 Nxb5 21. Rxa6 Nxc3 22. bxc3 Nh5 23. Qc2 Rb7 24. Rea1 Reb8 25. Ra8 Kh7 {½-½ Mikenas,V-Hermlin,A URS-chT Cup 06th 1968 (3.1)}) 11... Nc7 12. a4 Bf5 13. Re1 Ng4 14. Nf3 Ne5 15. Nxe5 Bxe5 16. Bf1 Na6 17. e4 Bxc3 18. bxc3 Rxe4 19. Rxe4 Bxe4 20. f3 Bf5 21. Bf4 g5 22. Be3 Qe7 23. Qd2 f6 24. Re1 Re8 25. h4 h6 26. g4 Bc8 27. hxg5 hxg5 28. Bd3 Qf7 29. Kf2 c4 30. Bxc4 Qh7 31. Kg2 Bxg4 32. fxg4 Qe4+ 33. Kf2 Qxc4 34. Qd4 Qc7 35. Qd3 Qh7 36. Qxh7+ Kxh7 37. Bxa7 Rxe1 38. Kxe1 Kg6 39. Bf2 f5 40. gxf5+ Kxf5 41. Bg3 Ke4 42. Bxd6 Kxd5 43. Be7 g4 44. Kf2 Nc5 45. Kg3 Nxa4 46. Kxg4 Nxc3 47. Kf3 Kd4 48. Kf2 b5 49. Ke1 Kd3 50. Bf8 Kc2 51. Bc5 Kb3 52. Bf8 Ne4 53. Kd1 Kc4 54. Kc2 Nc5 55. Bxc5 1/2-1/2

[Event "45th Olympiad 2024"]
[Site "Budapest HUN"]
[Date "2024.09.15"]
[Round "5.33"]
[Board "1"]
[White "Johnson, Joshua"]
[Black "Ferreira, Jorge Viterbo"]
[Result "0-1"]
[WhiteElo "2267"]
[BlackElo "2535"]
[PlyCount "96"]
[EventDate "2024.09.11"]
[WhiteTeam "Trinidad & Tobago"]
[BlackTeam "Portugal"]
[BlackTeamCountry "POR"]

1. e4 c5 2. Nf3 d6 3. d4 cxd4 4. Nxd4 Nf6 5. Nc3 a6 6. Be2 e5 7. Nb3 Be7 8. O-O O-O 9. Qd3 Be6 10. Bd2 Nbd7 11. Nd5 Bxd5 12. exd5 Ne8 13. Na5 ({RR} 13. c4 Bg5 14. Bxg5 Qxg5 15. Na5 b6 16. Nc6 a5 17. b3 f5 18. f4 exf4 19. Qd4 Nef6 20. Qxf4 Qxf4 21. Rxf4 g6 22. Rff1 Rae8 23. Rae1 Ne4 24. Bf3 Nd2 25. Rxe8 Rxe8 26. Rd1 Nxf3+ 27. gxf3 Kf7 {0-1 Li,C (2755)-Giri,A (2790) Norway Masters blitz 4th 2016 (4)}) 13... Rb8 ({RR} 13... Nc5 14. Qh3 Qc7 15. b4 Ne4 16. Bd3 N8f6 17. Be3 Nc3 18. Bg5 h6 19. Bxf6 Bxf6 20. Qf5 e4 21. Bc4 b5 22. Bb3 Ne2+ 23. Kh1 Bxa1 24. Rxa1 Qc3 25. Rf1 Rae8 26. a3 Nd4 27. Qf4 Re5 28. h3 {0-1 Khamdamova,A (2292)-Pingin,A (2438) Titled Tue 27th Aug Early 2024 (8)}) 14. b4 Bg5 15. Be1 $146 ({RR} 15. Bxg5 Qxg5 16. c4 f5 17. Rac1 e4 18. Qe3 Qh4 19. c5 Ne5 20. c6 b6 21. Nb7 Rf6 22. f4 exf3 23. gxf3 b5 24. f4 Ng4 25. Qg3 Qxg3+ 26. hxg3 Ne3 27. Rfe1 Nxd5 28. Bf3 Ndc7 29. Re7 Kf8 {1-0 Ponomariov,R (2633)-Heinemann,J (2336) Castelldefels Llobregat op 2nd 2021 (1)}) ({RR} 15. c4 f5 16. Bxg5 Qxg5 17. Rac1 e4 18. Qe3 Qe7 19. f4 Nef6 20. Rfd1 Qd8 21. Nb3 Qb6 22. Qxb6 Nxb6 23. Nd4 g6 24. Ne6 Rfc8 25. g3 Kf7 26. Kf2 Ke7 27. h3 h5 28. Ke3 Nbd7 29. c5 Nf8 {½-½ Krzyzanowski,M (2512)-Bok,B (2617) Titled Tue 1st Aug Early 2023 (5)}) 15... f5 16. f3 f4 17. c4 Bh4 18. g3 Qg5 19. Kg2 Nef6 20. Qd2 Qg6 21. Bd3 e4 22. Bxe4 Nxe4 23. fxe4 Qxe4+ 24. Kh3 f3 25. Rd1 Bd8 26. Qd3 Qe8 27. Rxf3 Qh5+ 28. Kg2 Bxa5 29. g4 Qxg4+ 30. Rg3 Qf4 31. Bc3 Ne5 32. Bxe5 Qxe5 33. bxa5 Rbe8 34. Rd2 Rf4 35. Kh1 Re7 36. Rdg2 Rd4 37. Qf1 Rf7 38. Qe2 Re4 39. Qd3 Rd4 40. Qe2 Re4 41. Qd3 g6 42. Rc2 Rff4 43. Rf3 Re1+ 44. Kg2 Rg4+ 45. Rg3 Rxg3+ 46. Qxg3 Qe4+ 47. Kf2 Rd1 48. Re2 Qf5+ 0-1